Tài liệu giáo dục công dân 12

Gorde:
Xehetasun bibliografikoak
Egile nagusia: Nguyễn Tiến Cường
Formatua: Liburua
Hizkuntza:Undetermined
Argitaratua: Hà Nội Giáo dục 2000
Gaiak:
Etiketak: Etiketa erantsi
Etiketarik gabe, Izan zaitez lehena erregistro honi etiketa jartzen!
Thư viện lưu trữ: Trung tâm Học liệu Trường Đại học Cần Thơ
LEADER 00570nam a2200169Ia 4500
001 CTU_21975
008 210402s9999 xx 000 0 und d
082 |a 370.115 
082 |b T103/L12 
100 |a Nguyễn Tiến Cường 
245 0 |a Tài liệu giáo dục công dân 12 
245 0 |c Nguyễn Tiến Cường, Phùng Khắc Bình..., Trần Doanh 
260 |a Hà Nội 
260 |b Giáo dục 
260 |c 2000 
650 |a educational accountability,responsibility 
980 |a Trung tâm Học liệu Trường Đại học Cần Thơ